| 000 | 00397cam a2200169ua 4500 | ||
|---|---|---|---|
| 020 | _c7.60 | ||
| 041 |
_aeng _h |
||
| 082 |
_a028.7161 _bTAY/FI |
||
| 100 | _aTaylor, Lord . | ||
| 245 |
_aFirst aid in the factory / _cLord Taylor. _hTextual Documents |
||
| 260 |
_aLondon : _bLongman , _c1961. |
||
| 300 | _a139 ; . | ||
| 365 | _a7.60 | ||
| 504 | _a | ||
| 942 | _cBK | ||
| 999 |
_c5387 _d5387 |
||